• 首页
  • 本馆介绍
  • 公告通知
  • 最新文献
  • 馆藏检索
  • 电子资源
  • 读者导购
  • 参考咨询
  • 我的图书馆
  • 登录
  • 详细信息显示
  • 放入我的书架
  • 预约/预借图书
  • 作者相关作品
  • 分类相关作品
  • 丛书相关作品
  • 出版社相关作品

书目信息

  • 表格格式
  • 工作单格式
  • 卡片格式
题名:
北山记
    
 
作者: 吴有恒 著
分册:  
出版信息: 广州   广东人民出版社  1978
页数: 453页
开本: 19cm
丛书名: 粤海文丛
单 册:
中图分类: I247.52 , I247.4
科图分类:
主题词: 长篇小说--中国--现代
电子资源:
ISBN:
000 00622nam2 2200253 45
001 0178002527
005 20060728103403.18
010    @dCNY1.00
091    @a10111.1111
100    @a19950720d1978 em y0chiy0121 ea
101 0  @achi
102    @aCN@b440000
105    @ay z 000ay
200 10 @a北山记@Abei shan ji@f吴有恒著
210    @a广州@c广东人民出版社@d1978
215    @a453页@d19cm
225 2  @a粤海文丛
410  0 @120010@a粤海文丛
606    @a长篇小说@y中国@z现代
690    @aI247.52@v3
690    @aI247.4
701  0 @a吴有恒@Awu you heng@4著
801  0 @aCN@bNLC@c20060728
905    @dI247.4@e20
    
    北山记/吴有恒著.-广州:广东人民出版社,1978
    453页;19cm.-(粤海文丛)
    
    
    ISBN :CNY1.00
    
●
相关链接 在E读中查询图书 在五车中查询图书 在当当中查询图书 在豆瓣中查询图书


正题名:北山记     索取号:I247.4/20         预约/预借

序号 登录号 条形码 馆藏地/架位号 状态 备注
1 0014781   001440578   第二借阅区/ [索取号:I247.4/20] 在馆    
2 0014782   001820603   密集书库/ [索取号:I247.4/20] 在馆    
3 0124541   001440603   第一样本阅览室/ [索取号:I247.4/20] 在馆    
4 0124542   001440587   第二借阅区/ [索取号:I247.4/20] 在馆    
5 0124543   001440596   第二借阅区/ [索取号:I247.4/20] 在馆    
6 0428340   204283408   密集书库/ [索取号:I247.4/20] 在馆    
7 0428489   204284899   密集书库/ [索取号:I247.4/20] 在馆    
8 0428490   204284906   密集书库/ [索取号:I247.4/20] 在馆    
唐山师范学院图书馆 欢迎您!
大连网信软件有限公司© 版权所有